Score 0/14 Timer 04:00
0 Plays Today
% Correct
Young
96.4%
Yakkity
96.4%
Yes
90.1%
Young
89.2%
You
89.2%
Zero
86.5%
Zoey
85.6%
% Correct
Young
83.8%
Yo
82.9%
Z
81.1%
Zoobilee
80.2%
Young
80.2%
Yes
74.8%
Zatch
51.4%
Remove Ads.
Support Sporcle.
Get the best of Sporcle when you Go Orange. This ad-free experience offers more features, more stats, and more fun while also helping to support Sporcle. Thank you for becoming a member.

You're not logged in!

Compare scores with friends on all Sporcle quizzes.
OR
Log In

Show Comments

Extras

Top Quizzes Today


Score Distribution

Your Account Isn't Verified!

In order to create a playlist on Sporcle, you need to verify the email address you used during registration. Go to your Sporcle Settings to finish the process.

Report this User

Report this user for behavior that violates our Community Guidelines.

Details: